Çanakkale savaşı (Record no. 15307)

MARC details
000 -BAŞLIK
Sabit Uzunlukta Kontrol Alanı 00852nam a22002537a 4500
999 ## - SİSTEM KONTROL NUMARALARI (KOHA)
Koha Biblionumber 15307
Koha Biblioitemnumber 15307
003 - KONTROL NUMARASI IDENTIFIER
Denetim Alanı MIRAKIL
005 - SON İŞLEM TARİHİ VE ZAMANI
Denetim Alanı 20240207114125.0
008 - SABİT-BOY VERİ ELEMANLARI - GENEL BİLGİLER
Sabit Uzunlukta Kontrol Alanı 240207b tu ||||| |||| 00| 0 tur d
020 ## - ULUSLARARASI STANDART KİTAP NUMARASI
Uluslararası Standart Kitap Numarası 9786052959466
040 ## - KATALOGLAMA KAYNAK
Orijinal Kataloglama Ajansı TR-AnCHP
Metne Dönüştürmek Ajansı TR-AnCHP
041 ## - DİL KODU
Metin / Ses Parça Veya Ayrı Başlığın Dil Kodu Türkçe
082 ## - DEWEY ONLU SINIFLANDIRMA NUMARASI
Sınıflandırma Numarası 357
Ürün Numarası E65Ç 2019
090 ## - SINIFLAMA NUMARASI
Sınıflama Numarası 357 E65Ç 2019
100 ## - ANA GİRİŞ - KİŞİSEL İSİM
Kişisel Ad Erickson, Edward J.
245 10 - BAŞLIK TABLOSU
Başlık Çanakkale savaşı
Başlığın Kalan Ateş altında komuta /
Sorumluluk Tablosu, Vb Edward J. Erickson. ; çeviren. : İsmail Hakkı Yılmaz
250 ## - EDITION TABLOSU
Baskı Beyanı 1. bs.
260 ## - YAYIN, DAĞITIM, VB
Yayın, Dağıtım, Vb Yeri İstanbul
Yayıncı, Dağıtıcı, Vs Adı Türkiye İş Bankası Kültür Yayınları
Yayın, Dağıtım, Vb Tarihi 2019
300 ## - FİZİKSEL TANIM
Kapsam 440 s.
Boyutlar 21 cm
490 0# - SERİSİ TABLOSU
Seri Beyanı Çanakkale savaşı dizisi
Hacim / Ardışık Tanımı 23
504 ## - KAYNAKÇA VB NOT
Kaynakça Vb Notu Dizin ve kaynakça vardır<br/>
650 #0 - KONU KATMA GİRİŞ - TOPİKAL DÖNEM
9 (RLIN) 5121
Topikal Süreli Veya Coğrafi Ad Giriş Elemanı Çanakkale savaşı
856 ## - ELEKTRONİK YER VE ERİŞİM
Kamu Notu Dijital Nüshası için Partimizin Kütüphane Sorumlusu ile iletişime geçiniz.
942 ## - EKLENDİ GİRİŞ ELEMANLARI (KOHA)
Sınıflandırma Veya Raf Düzeni Kaynak Dewey Decimal Classification
Koha Öğesi Türü Books
Holdings
Kalıcı Konum Mevcut Konum Edinme Tarihi Toplam Check-Out'Lar Tam Çağrı Numarası Barkod Tarih Son Görülme İtibaren Geçerli Fiyatlar Koha Öğesi Türü
CHP Kütüphanesi CHP Kütüphanesi 02/07/2024   357 E65Ç 2019 20896 02/07/2024 02/07/2024 Books